[Event "12th Arad Open 2019"]
[Site "Arad"]
[Date "2019.07.29"]
[Round "7.26"]
[White "Vasiesiu, Victor"]
[Black "Voinescu, David-Ioan"]
[Result "1/2-1/2"]
[WhiteElo "2269"]
[BlackElo "2046"]
[Annotator "NA"]
[PlyCount "119"]
[EventDate "2019.07.24"]
[EventType "swiss"]
[EventCountry "ROU"]
[SourceTitle "playchess.com"]
[Source "ChessBase"]
[SourceQuality "1"]
[TimeControl "40/5400+30:900+30"]

1. e4 {[%emt 0:00:00]} e6 {[%emt 0:00:00]} 2. d4 {[%emt 0:00:00]} d5 {[%emt 0:00:00]} 3. Nc3 {[%emt 0:00:00]} Bb4 {[%emt 0:00:00]} 4. e5 {[%emt 0:00:00]} c5 {[%emt 0:00:00]} 5. Qg4 {[%emt 0:00:02]} Ne7 {[%emt 0:00:08]} 6. dxc5 {[%emt 0:00:04]} Bxc3+ {[%emt 0:00:06]} 7. bxc3 {[%emt 0:00:04]} Ng6 {[%emt 0:00:11]} 8. Nf3 {[%emt 0:00:54]} Nd7 {[%emt 0:00:08]} 9. Bd3 {[%emt 0:03:27]} Nxc5 {[%emt 0:00:58]} 10. O-O {[%emt 0:00:25]} Qc7 {[%emt 0:00:25]} 11. Be3 {[%emt 0:09:06]} Bd7 {[%emt 0:08:03]} 12. Rab1 {[%emt 0:01:19]} b6 {[%emt 0:04:39]} 13. Bd4 {[%emt 0:06:19]} h5 {[%emt 0:18:47]} 14. Qg5 {[%emt 0:02:00]} Nxd3 {[%emt 0:00:33]} 15. cxd3 {[%emt 0:00:12]} Qd8 {[%emt 0:02:56]} 16. Qe3 {[%emt 0:06:26]} Ne7 {[%emt 0:02:09]} 17. Nh4 {[%emt 0:08:09]} Nc6 {[%emt 0:06:02]} 18. g3 {[%emt 0:00:14]} g5 {[%emt 0:06:29]} 19. Nf3 {[%emt 0:00:40]} Rg8 {[%emt 0:00:27]} 20. Kh1 {[%emt 0:02:02]} Qe7 {[%emt 0:08:43]} 21. Rb2 {[%emt 0:05:16]} Qd8 {[%emt 0:02:02]} 22. Rc2 {[%emt 0:13:55]} Ne7 {[%emt 0:01:18]} 23. Qc1 {[%emt 0:07:14]} Nf5 {[%emt 0:00:29]} 24. Be3 {[%emt 0:01:23]} g4 {[%emt 0:03:04]} 25. Nd4 {[%emt 0:12:50]} h4 {[%emt 0:02:33]} 26. Nxf5 {[%emt 0:01:16]} exf5 {[%emt 0:00:03]} 27. Bd4 {[%emt 0:00:55]} Be6 {[%emt 0:02:03]} 28. Qh6 {[%emt 0:00:27]} Qg5 {[%emt 0:04:09]} 29. Qxg5 {[%emt 0:00:55]} Rxg5 {[%emt 0:00:02]} 30. a4 {[%emt 0:00:30]} Rg6 {[%emt 0:02:46]} 31. Rb1 {[%emt 0:02:16]} f4 {[%emt 0:02:11]} 32. gxf4 {[%emt 0:02:43]} Bf5 {[%emt 0:00:11]} 33. Rd2 {[%emt 0:00:06]} g3 {[%emt 0:03:42]} 34. fxg3 {[%emt 0:02:12]} hxg3 {[%emt 0:00:56]} 35. Rg1 {[%emt 0:01:45]} gxh2 {[%emt 0:00:15]} 36. Rxg6 {[%emt 0:00:11]} Bxg6 {[%emt 0:01:12]} 37. Rxh2 {[%emt 0:01:54]} Kd7 {[%emt 0:00:48]} 38. Rh3 {[%emt 0:01:03]} Rg8 {[%emt 0:04:12]} 39. Kh2 {[%emt 0:02:45]} Bf5 {[%emt 0:00:53]} 40. Rh6 {[%emt 0:00:00]} Rg6 {[%emt 0:00:00]} 41. Rh8 {[%emt 0:03:02]} Kc6 {[%emt 0:10:04]} 42. Ra8 {[%emt 0:02:14]} Kb7 {[%emt 0:10:50]} 43. Rf8 {[%emt 0:00:07]} Rg7 {[%emt 0:00:21]} 44. Rd8 {[%emt 0:00:46]} Bxd3 {[%emt 0:02:52]} 45. Rxd5 {[%emt 0:00:10]} Bf5 {[%emt 0:03:09]} 46. Rd8 {[%emt 0:02:16]} Ka6 {[%emt 0:01:05]} 47. Re8 {[%emt 0:01:23]} Bc2 {[%emt 0:02:51]} 48. Re7 {[%emt 0:00:20]} Bf5 {[%emt 0:00:52]} 49. Rc7 {[%emt 0:05:30]} Be6 {[%emt 0:00:28]} 50. c4 {[%emt 0:00:49]} Rg8 {[%emt 0:00:20]} 51. a5 {[%emt 0:05:09]} Rc8 {[%emt 0:00:35]} 52. axb6 {[%emt 0:00:22]} axb6 {[%emt 0:00:09]} 53. Rxc8 {[%emt 0:00:12]} Bxc8 {[%emt 0:00:01]} 54. Kg3 {[%emt 0:00:10]} Be6 {[%emt 0:00:14]} 55. c5 {[%emt 0:00:05]} bxc5 {[%emt 0:00:15]} 56. Bxc5 {[%emt 0:00:06]} Kb5 {[%emt 0:00:02]} 57. Be7 {[%emt 0:00:19]} Kc6 {[%emt 0:00:03]} 58. Kh4 {[%emt 0:00:07]} Kd5 {[%emt 0:00:10]} 59. f5 {[%emt 0:00:18]} Bxf5 {[%emt 0:00:06]} 60. Bf6 {[%emt 0:02:35]} 1/2-1/2

[Event "12th Arad Open 2019"]
[Site "Arad"]
[Date "2019.07.29"]
[Round "7.27"]
[White "Albu, George"]
[Black "Pasti, Aron"]
[Result "1-0"]
[WhiteElo "2014"]
[BlackElo "2209"]
[Annotator "NA"]
[PlyCount "49"]
[EventDate "2019.07.24"]
[EventType "swiss"]
[EventCountry "ROU"]
[SourceTitle "playchess.com"]
[Source "ChessBase"]
[SourceQuality "1"]
[TimeControl "40/5400+30:900+30"]

1. d4 {[%emt 0:00:00]} d5 {[%emt 0:00:00]} 2. c4 {[%emt 0:00:00]} e6 {[%emt 0:00:00]} 3. Nc3 {[%emt 0:00:00]} Nf6 {[%emt 0:00:00]} 4. cxd5 {[%emt 0:00:00]} exd5 {[%emt 0:00:00]} 5. Bg5 {[%emt 0:00:08]} Be7 {[%emt 0:00:00]} 6. e3 {[%emt 0:00:14]} O-O {[%emt 0:00:00]} 7. Bd3 {[%emt 0:00:08]} c6 {[%emt 0:00:00]} 8. Qc2 {[%emt 0:00:08]} Nbd7 {[%emt 0:00:05]} 9. Nge2 {[%emt 0:00:09]} Re8 {[%emt 0:00:10]} 10. f3 {[%emt 0:00:09]} Nf8 {[%emt 0:00:32]} 11. O-O {[%emt 0:00:10]} Ng6 {[%emt 0:00:11]} 12. Rad1 {[%emt 0:05:21]} Be6 {[%emt 0:08:21]} 13. Kh1 {[%emt 0:08:53]} Qc7 {[%emt 0:06:37]} 14. Bxf6 {[%emt 0:17:03]} Bxf6 {[%emt 0:02:28]} 15. f4 {[%emt 0:00:41]} Bg4 {[%emt 0:18:31]} 16. Nxd5 {[%emt 0:00:18]} Qd6 {[%emt 0:00:11]} 17. Nxf6+ {[%emt 0:00:09]} Qxf6 {[%emt 0:00:05]} 18. Qd2 {[%emt 0:01:23]} Rad8 {[%emt 0:04:21]} 19. Rde1 {[%emt 0:07:07]} Ne7 {[%emt 0:07:34]} 20. Nc3 {[%emt 0:04:51]} Nd5 {[%emt 0:08:37]} 21. f5 {[%emt 0:08:34]} Bh5 {[%emt 0:15:47]} 22. e4 {[%emt 0:13:22]} Nb4 {[%emt 0:04:09]} 23. e5 {[%emt 0:00:08]} Qh4 {[%emt 0:01:43]} 24. Re4 {[%emt 0:01:07]} Qe7 {[%emt 0:00:18]} 25. Bb1 {[%emt 0:02:05]} 1-0

[Event "12th Arad Open 2019"]
[Site "Arad"]
[Date "2019.07.29"]
[Round "7.28"]
[White "Michalicka, Milan"]
[Black "Malos, Vasilica"]
[Result "1-0"]
[WhiteElo "2190"]
[BlackElo "1782"]
[Annotator "NA"]
[PlyCount "157"]
[EventDate "2019.07.24"]
[EventType "swiss"]
[EventCountry "ROU"]
[SourceTitle "playchess.com"]
[Source "ChessBase"]
[SourceQuality "1"]
[TimeControl "40/5400+30:900+30"]

1. d4 {[%emt 0:00:00]} d5 {[%emt 0:00:23]} 2. c4 {[%emt 0:00:00]} c6 {[%emt 0:00:11]} 3. Nf3 {[%emt 0:00:00]} Nf6 {[%emt 0:00:43]} 4. Nc3 {[%emt 0:00:05]} e6 {[%emt 0:00:28]} 5. g3 {[%emt 0:00:15]} g6 {[%emt 0:00:42]} 6. Bg2 {[%emt 0:01:09]} Bg7 {[%emt 0:00:18]} 7. O-O {[%emt 0:02:01]} O-O {[%emt 0:00:23]} 8. Bg5 {[%emt 0:03:32]} Nbd7 {[%emt 0:01:53]} 9. Qd2 {[%emt 0:02:46]} Re8 {[%emt 0:01:24]} 10. Rfd1 {[%emt 0:07:01]} b6 {[%emt 0:00:49]} 11. Rac1 {[%emt 0:01:19]} Bb7 {[%emt 0:00:19]} 12. Ne5 {[%emt 0:01:51]} Rc8 {[%emt 0:01:11]} 13. e4 dxe4 {[%emt 0:02:15]} 14. Qf4 {[%emt 0:09:10]} Qc7 {[%emt 0:01:16]} 15. Nxe4 {[%emt 0:01:02]} Nxe5 {[%emt 0:02:30]} 16. Bxf6 {[%emt 0:02:42]} Nd7 {[%emt 0:00:50]} 17. Bxg7 {[%emt 0:00:35]} Qxf4 {[%emt 0:00:30]} 18. gxf4 {[%emt 0:00:08]} Kxg7 {[%emt 0:01:21]} 19. Nd6 {[%emt 0:00:05]} Ba8 {[%emt 0:00:38]} 20. c5 {[%emt 0:02:06]} Red8 {[%emt 0:01:56]} 21. Nxc8 {[%emt 0:00:29]} Rxc8 {[%emt 0:00:18]} 22. Rc3 {[%emt 0:02:53]} b5 {[%emt 0:04:14]} 23. b4 {[%emt 0:00:42]} Bb7 {[%emt 0:00:54]} 24. a4 {[%emt 0:00:47]} a6 {[%emt 0:01:38]} 25. Ra3 {[%emt 0:00:46]} bxa4 {[%emt 0:06:33]} 26. Rxa4 {[%emt 0:00:25]} Rb8 {[%emt 0:01:18]} 27. Bf1 {[%emt 0:00:45]} Ra8 {[%emt 0:00:15]} 28. Rda1 {[%emt 0:00:19]} Nb8 {[%emt 0:00:52]} 29. Kg2 {[%emt 0:02:34]} Kf6 {[%emt 0:00:17]} 30. Kf3 {[%emt 0:00:28]} h6 {[%emt 0:00:48]} 31. Bd3 {[%emt 0:01:21]} Ke7 {[%emt 0:01:05]} 32. Ke3 {[%emt 0:02:13]} Kd8 {[%emt 0:04:19]} 33. Ke4 {[%emt 0:01:10]} Kc7 {[%emt 0:01:14]} 34. Bc4 {[%emt 0:01:54]} Ra7 {[%emt 0:00:24]} 35. R4a3 {[%emt 0:00:45]} Kd8 {[%emt 0:01:27]} 36. Rh3 {[%emt 0:00:24]} h5 {[%emt 0:00:36]} 37. Ke3 {[%emt 0:00:27]} Ke7 {[%emt 0:01:31]} 38. Ke2 {[%emt 0:00:44]} Kf6 {[%emt 0:01:34]} 39. Rha3 {[%emt 0:00:20]} Bc8 {[%emt 0:00:59]} 40. Bd3 {[%emt 0:00:00]} Re7 {[%emt 0:00:00]} 41. Kd2 {[%emt 0:02:25]} Rd7 {[%emt 0:05:17]} 42. Kc3 {[%emt 0:00:14]} Rc7 {[%emt 0:02:41]} 43. Re1 {[%emt 0:00:35]} Rd7 {[%emt 0:01:07]} 44. Ra2 {[%emt 0:00:20]} Rd8 {[%emt 0:00:49]} 45. Rae2 {[%emt 0:00:37]} Rh8 {[%emt 0:07:18]} 46. h4 {[%emt 0:01:08]} Rd8 {[%emt 0:00:25]} 47. f5 {[%emt 0:02:18]} gxf5 {[%emt 0:03:21]} 48. Rg1 {[%emt 0:00:20]} Nd7 {[%emt 0:00:36]} 49. f4 {[%emt 0:00:49]} Nf8 {[%emt 0:01:48]} 50. Rg8 {[%emt 0:00:20]} Bb7 {[%emt 0:04:03]} 51. Ra2 {[%emt 0:06:58]} Ke7 {[%emt 0:00:49]} 52. Bxa6 {[%emt 0:00:41]} Ra8 {[%emt 0:00:34]} 53. Bc4 {[%emt 0:00:11]} Rxa2 {[%emt 0:01:59]} 54. Bxa2 {[%emt 0:00:05]} Bc8 {[%emt 0:00:52]} 55. Bc4 {[%emt 0:11:09]} Bd7 {[%emt 0:00:15]} 56. Ba6 {[%emt 0:02:41]} Ng6 {[%emt 0:00:33]} 57. b5 {[%emt 0:06:31]} cxb5 {[%emt 0:00:45]} 58. Rxg6 {[%emt 0:00:57]} fxg6 {[%emt 0:00:23]} 59. Kb4 {[%emt 0:00:21]} g5 {[%emt 0:06:52]} 60. fxg5 {[%emt 0:00:41]} f4 {[%emt 0:00:50]} 61. Bb7 {[%emt 0:01:02]} Be8 {[%emt 0:02:42]} 62. Bf3 {[%emt 0:00:42]} e5 {[%emt 0:03:06]} 63. dxe5 {[%emt 0:00:48]} Ke6 {[%emt 0:01:02]} 64. c6 {[%emt 0:00:19]} Kxe5 {[%emt 0:00:36]} 65. Kxb5 {[%emt 0:00:37]} Kd4 {[%emt 0:00:53]} 66. Kb6 {[%emt 0:00:18]} Ke3 {[%emt 0:00:35]} 67. c7 {[%emt 0:00:09]} Kxf3 {[%emt 0:01:41]} 68. c8=Q {[%emt 0:00:12]} Bg6 {[%emt 0:01:05]} 69. Qc3+ {[%emt 0:01:29]} Kg4 {[%emt 0:01:14]} 70. Qf6 {[%emt 0:00:22]} Bd3 {[%emt 0:02:37]} 71. g6 {[%emt 0:00:11]} Bxg6 {[%emt 0:00:52]} 72. Qxg6+ {[%emt 0:00:14]} Kxh4 {[%emt 0:00:20]} 73. Qf5 {[%emt 0:00:12]} Kg3 {[%emt 0:02:24]} 74. Qg5+ {[%emt 0:00:12]} Kf3 {[%emt 0:01:32]} 75. Qxh5+ {[%emt 0:00:11]} Ke3 {[%emt 0:01:52]} 76. Qd1 {[%emt 0:00:15]} Kf2 {[%emt 0:00:49]} 77. Qd2+ {[%emt 0:00:49]} Kg3 {[%emt 0:00:03]} 78. Qe1+ {[%emt 0:00:18]} Kg2 {[%emt 0:01:18]} 79. Qe2+ 1-0

[Event "12th Arad Open 2019"]
[Site "Arad"]
[Date "2019.07.29"]
[Round "7.29"]
[White "Nedelcu, Teodor-Cosmin"]
[Black "Weinzettl, Ernst"]
[Result "1-0"]
[WhiteElo "1963"]
[BlackElo "2165"]
[Annotator "NA"]
[PlyCount "91"]
[EventDate "2019.07.24"]
[EventType "swiss"]
[EventCountry "ROU"]
[SourceTitle "playchess.com"]
[Source "ChessBase"]
[SourceQuality "1"]
[TimeControl "40/5400+30:900+30"]

1. d4 {[%emt 0:00:00]} Nf6 {[%emt 0:00:00]} 2. c4 {[%emt 0:00:00]} e6 {[%emt 0:00:20]} 3. Nc3 {[%emt 0:00:00]} Bb4 {[%emt 0:00:13]} 4. e3 {[%emt 0:00:00]} O-O {[%emt 0:00:22]} 5. Bd3 {[%emt 0:00:01]} d5 {[%emt 0:00:50]} 6. cxd5 {[%emt 0:00:16]} exd5 {[%emt 0:00:10]} 7. Nge2 {[%emt 0:00:06]} c5 {[%emt 0:02:10]} 8. dxc5 {[%emt 0:00:34]} Bxc5 {[%emt 0:01:10]} 9. O-O {[%emt 0:01:08]} Nc6 {[%emt 0:01:00]} 10. Nf4 {[%emt 0:00:30]} d4 {[%emt 0:06:00]} 11. Na4 {[%emt 0:00:30]} Be7 {[%emt 0:01:19]} 12. b3 {[%emt 0:02:06]} dxe3 {[%emt 0:06:12]} 13. Bxe3 {[%emt 0:01:02]} Nb4 {[%emt 0:08:36]} 14. Bc4 {[%emt 0:02:41]} Qxd1 {[%emt 0:23:55]} 15. Raxd1 {[%emt 0:00:14]} b6 {[%emt 0:14:06]} 16. Rfe1 {[%emt 0:02:25]} Nc2 {[%emt 0:01:04]} 17. Re2 {[%emt 0:02:04]} Nxe3 {[%emt 0:00:28]} 18. Rxe3 {[%emt 0:00:30]} Bb4 {[%emt 0:04:22]} 19. Rd4 {[%emt 0:03:26]} Ba3 {[%emt 0:01:22]} 20. Nd5 {[%emt 0:01:08]} Ng4 {[%emt 0:20:28]} 21. Rg3 {[%emt 0:01:30]} Ne5 {[%emt 0:00:41]} 22. b4 {[%emt 0:01:47]} Nxc4 {[%emt 0:01:03]} 23. Rxc4 {[%emt 0:01:03]} Be6 {[%emt 0:00:36]} 24. Nf6+ {[%emt 0:03:47]} Kh8 {[%emt 0:00:03]} 25. Rh4 {[%emt 0:01:00]} gxf6 {[%emt 0:00:08]} 26. Rxa3 {[%emt 0:00:02]} Rac8 {[%emt 0:00:11]} 27. h3 {[%emt 0:03:16]} Rc1+ {[%emt 0:01:31]} 28. Kh2 {[%emt 0:00:31]} Rc2 {[%emt 0:00:32]} 29. Nc3 {[%emt 0:00:58]} f5 {[%emt 0:01:40]} 30. Rf4 {[%emt 0:00:44]} Rc8 {[%emt 0:01:25]} 31. Nb5 {[%emt 0:01:03]} R8c4 {[%emt 0:01:18]} 32. Rxc4 {[%emt 0:02:07]} Bxc4 {[%emt 0:00:33]} 33. Nd6 {[%emt 0:05:03]} Be6 {[%emt 0:02:06]} 34. Rxa7 {[%emt 0:00:54]} Kg7 {[%emt 0:00:29]} 35. Kg3 {[%emt 0:04:15]} f4+ {[%emt 0:00:34]} 36. Kxf4 {[%emt 0:00:46]} Rxf2+ {[%emt 0:00:08]} 37. Kg3 {[%emt 0:00:03]} Rb2 {[%emt 0:00:23]} 38. a3 {[%emt 0:00:51]} Kf6 {[%emt 0:00:15]} 39. Ne4+ {[%emt 0:00:39]} Kf5 {[%emt 0:00:19]} 40. Nd6+ {[%emt 0:00:00]} Kg6 {[%emt 0:00:00]} 41. Ra6 {[%emt 0:01:04]} Rb3+ {[%emt 0:04:41]} 42. Kf4 {[%emt 0:00:43]} h6 {[%emt 0:02:25]} 43. Nb5 {[%emt 0:00:45]} Bc4 {[%emt 0:07:00]} 44. Rxb6+ {[%emt 0:00:36]} Kg7 {[%emt 0:00:03]} 45. Nd6 {[%emt 0:00:13]} Bf1 {[%emt 0:00:18]} 46. Nf5+ {[%emt 0:00:08]} 1-0

[Event "12th Arad Open 2019"]
[Site "Arad"]
[Date "2019.07.29"]
[Round "7.30"]
[White "Czebe, Attila"]
[Black "Fluerariu, Radu-Cristian"]
[Result "0-1"]
[WhiteElo "2436"]
[BlackElo "2021"]
[Annotator "NA"]
[PlyCount "98"]
[EventDate "2019.07.24"]
[EventType "swiss"]
[EventCountry "ROU"]
[SourceTitle "playchess.com"]
[Source "ChessBase"]
[SourceQuality "1"]
[TimeControl "40/5400+30:900+30"]

1. b3 {[%emt 0:07:23]} e5 {[%emt 0:04:14]} 2. Bb2 {[%emt 0:00:05]} Nc6 {[%emt 0:01:52]} 3. e3 {[%emt 0:00:07]} Nf6 {[%emt 0:00:48]} 4. Bb5 {[%emt 0:00:06]} Bd6 {[%emt 0:03:52]} 5. Na3 {[%emt 0:00:02]} Na5 {[%emt 0:01:11]} 6. Be2 {[%emt 0:00:03]} c6 {[%emt 0:06:53]} 7. c4 {[%emt 0:00:30]} b6 {[%emt 0:06:45]} 8. Nc2 {[%emt 0:00:44]} Qe7 {[%emt 0:06:45]} 9. b4 {[%emt 0:06:40]} Nb7 {[%emt 0:10:23]} 10. a3 {[%emt 0:00:29]} O-O {[%emt 0:02:25]} 11. d3 {[%emt 0:01:02]} a5 {[%emt 0:04:41]} 12. Nf3 {[%emt 0:00:43]} Re8 {[%emt 0:09:11]} 13. O-O {[%emt 0:00:42]} Bc7 {[%emt 0:02:27]} 14. e4 {[%emt 0:02:40]} d5 {[%emt 0:05:07]} 15. cxd5 {[%emt 0:00:19]} cxd5 {[%emt 0:00:06]} 16. Ne3 {[%emt 0:00:03]} dxe4 {[%emt 0:07:40]} 17. dxe4 {[%emt 0:00:05]} axb4 {[%emt 0:00:47]} 18. axb4 {[%emt 0:00:18]} Rxa1 {[%emt 0:00:35]} 19. Qxa1 {[%emt 0:00:08]} Qxb4 {[%emt 0:01:33]} 20. Nxe5 {[%emt 0:01:03]} Nc5 {[%emt 0:06:03]} 21. Bc4 {[%emt 0:02:57]} Be6 {[%emt 0:05:09]} 22. Bxe6 {[%emt 0:00:30]} Nxe6 {[%emt 0:01:35]} 23. Re1 {[%emt 0:06:46]} Nxe4 {[%emt 0:06:16]} 24. Nf3 {[%emt 0:03:42]} Nd2 {[%emt 0:03:07]} 25. Nxd2 {[%emt 0:03:40]} Qxd2 {[%emt 0:00:01]} 26. Bc3 {[%emt 0:00:01]} Qd3 {[%emt 0:02:33]} 27. Nf1 {[%emt 0:03:35]} b5 {[%emt 0:00:35]} 28. Re3 {[%emt 0:00:10]} Qc2 29. Qa6 {[%emt 0:02:19]} Qa4 {[%emt 0:01:20]} 30. Qc6 {[%emt 0:00:11]} Re7 {[%emt 0:00:34]} 31. Bb2 {[%emt 0:02:53]} h6 {[%emt 0:00:29]} 32. Ba3 Nd8 {[%emt 0:00:30]} 33. Qc5 {[%emt 0:00:36]} Rxe3 {[%emt 0:00:16]} 34. Nxe3 {[%emt 0:00:03]} Ne6 {[%emt 0:00:32]} 35. Qe7 {[%emt 0:00:02]} Qf4 {[%emt 0:00:38]} 36. g3 {[%emt 0:00:30]} Qf6 {[%emt 0:00:34]} 37. Qe8+ {[%emt 0:01:50]} Kh7 {[%emt 0:00:01]} 38. Qxb5 {[%emt 0:00:08]} Qa1+ {[%emt 0:00:33]} 39. Kg2 {[%emt 0:00:17]} Qxa3 {[%emt 0:00:24]} 40. Qc6 {[%emt 0:00:00]} Qa5 {[%emt 0:00:00]} 41. Nd5 {[%emt 0:01:32]} Bd8 {[%emt 0:04:21]} 42. h4 {[%emt 0:00:25]} Qc5 {[%emt 0:00:52]} 43. Qd7 {[%emt 0:00:05]} Qd4 {[%emt 0:01:38]} 44. Qb7 {[%emt 0:00:28]} Qe4+ {[%emt 0:01:27]} 45. Kg1 {[%emt 0:00:02]} Qf5 {[%emt 0:00:31]} 46. Ne3 {[%emt 0:00:10]} Qg6 {[%emt 0:00:58]} 47. Ng2 {[%emt 0:00:01]} Bf6 48. Qd5 Qb1+ {[%emt 0:01:21]} 49. Kh2 {[%emt 0:00:01]} Qc2 {[%emt 0:00:14]} 0-1

[Event "12th Arad Open 2019"]
[Site "Arad"]
[Date "2019.07.29"]
[Round "7.32"]
[White "Tomici, Stefan"]
[Black "Breitkopf, Francisc"]
[Result "1-0"]
[WhiteElo "2329"]
[BlackElo "1994"]
[Annotator "TA"]
[PlyCount "155"]
[EventDate "2019.07.24"]
[EventType "swiss"]
[EventCountry "ROU"]
[SourceTitle "playchess.com"]
[Source "ChessBase"]
[SourceQuality "1"]

{[%evp 9,155,42,39,49,41,43,49,54,56,6,12,1,0,0,0,0,82,85,94,75,72,28,75,81,72,71,182,190,243,221,226,231,243,243,257,258,241,240,230,225,357,239,319,243,312,0,291,271,265,244,240,197,240,219,226,70,72,70,87,87,87,77,112,100,114,112,118,105,101,101,102,93,127,116,129,119,217,132,184,147,195,204,191,188,187,170,326,318,320,314,336,337,316,306,344,351,355,347,355,344,306,251,329,326,338,318,441,429,456,444,443,452,450,431,631,597,617,599,747,739,733,716,745,728,811,795,982,831,1887,1843,2418,2331,2539,2229,29989,29990,29990,29991,29991,29992,29992,29993,29993,29994,29995,29996,29996,29997]} 1. e4 c5 2. Nf3 e6 3. c3 a6 4. d4 cxd4 5. cxd4 d5 6. e5 {B28: Sicilian: 2 Nf3 a6 (O'Kelly Variation)} Nc6 7. Nc3 Bd7 8. Be2 {White is slightly better.} Nge7 9. O-O Nf5 10. Be3 (10. Kh1 Be7 11. g4 Nh4 12. Nxh4 Bxh4 13. f4 Be7 14. Be3 Rc8 15. Rc1 Na5 16. b3 Bb4 17. Nb1 Rxc1 18. Qxc1 {1-0 (58) Efimenko,Z (2635)-Kindermann,S (2500) Germany 2019}) 10... Be7 11. Qd2 Rc8 12. Bd3 $146 {aiming for Bxf5.} ({Predecessor:} 12. Rac1 O-O 13. Nb1 Nxe3 {0-1 (13) Pietrzak,W (1484)-Haug,U (2399) LSS email 2013}) 12... g6 (12... Nxe3 $11 {keeps the balance.} 13. fxe3 O-O) 13. Bxf5 $1 $16 gxf5 14. Bh6 Rg8 15. Ne2 {[%cal Bc3e2,Be2f4,Bf4h5,Bh5f6][%mdl 32]} Rg6 16. Rfc1 Bb4 17. Qe3 Na5 (17... Be7 $16) 18. Bg5 $1 $18 {[%cal Rg5d8]} Be7 (18... Qb6 {might work better.} 19. Rxc8+ Bxc8) 19. Bxe7 Qxe7 20. Nf4 Rg4 {...Nc4 would now be nice for Black.} 21. h3 Rg8 22. Rxc8+ Bxc8 23. Nh5 {And now Nf6+ would win.} Kd8 24. Nf6 Rg6 (24... Rh8 $142 25. Rc1 Bd7) 25. b3 h6 26. Nh4 Rg5 27. Nf3 Rg6 $1 28. Qc3 Nc6 29. Rc1 Bd7 30. Kh2 Qa3 31. Rc2 Qe7 32. Qc5 $2 ({White should play} 32. Qd2 $18) 32... Qxc5 $14 33. Rxc5 Nb4 34. a3 ({But not} 34. Nxd7 $6 Kxd7 35. a3 Nd3 $11) 34... Nc6 35. g3 b6 36. Rc3 Ke7 37. Rd3 a5 38. Rc3 Kd8 39. g4 fxg4 40. hxg4 Na7 41. a4 Nc6 42. Kg3 Ke7 (42... Rg7 $16 43. Kf4 Ne7) 43. Kf4 Rg7 (43... Kd8 $16 {is a better defense.} 44. Rc1 Rg7) 44. Ke3 $18 Rg6 45. Nh4 Rg7 46. Rc1 Kd8 47. Rh1 Nb4 $2 (47... Ne7 {was worth a try.} 48. f3 Ng8) 48. Ng2 b5 49. axb5 $1 ({Not} 49. Rxh6 bxa4 50. bxa4 Bxa4 $16) 49... Bxb5 {[#]} 50. Kd2 $1 Nc6 {[#]} 51. Kc3 $1 Ne7 52. Rxh6 Ng6 53. Rh1 Kc7 54. Kd2 Kb6 55. Rc1 Ne7 56. Nf4 Nc6 57. Kc3 Nb4 {Black wants to play ...Na2+.} 58. Rh1 Na2+ 59. Kd2 Nb4 60. Rh8 Nc6 61. Kc3 Nb4 (61... Bf1 $142 62. f3 Na7 63. Rb8+ Ka6) 62. Rb8+ Ka6 63. Rf8 Na2+ 64. Kd2 Nb4 65. N4h5 Rg6 66. Rxf7 Nd3 67. f3 Nf2 68. Re7 Bc4 69. bxc4 dxc4 70. Rxe6+ Kb5 71. Re8 Kb4 72. Rb8+ {White mates.} Ka3 73. e6 Nd3 74. e7 Nb4 75. e8=Q Rg5 76. Qe3+ {[%mdl 64] Double Attack} c3+ 77. Qxc3+ Ka4 78. Ne4 {Accuracy: White = 66%, Black = 33%.} 1-0

[Event "12th Arad Open 2019"]
[Site "Arad"]
[Date "2019.07.29"]
[Round "7.33"]
[White "Dobre, Radu-Fabian"]
[Black "Pop, Alexandru"]
[Result "0-1"]
[WhiteElo "2004"]
[BlackElo "2276"]
[Annotator "NA"]
[PlyCount "82"]
[EventDate "2019.07.24"]
[EventType "swiss"]
[EventCountry "ROU"]
[SourceTitle "playchess.com"]
[Source "ChessBase"]
[SourceQuality "1"]
[TimeControl "40/5400+30:900+30"]

1. e4 {[%emt 0:00:00]} c5 {[%emt 0:01:38]} 2. Nf3 {[%emt 0:00:12]} Nc6 {[%emt 0:00:06]} 3. c3 {[%emt 0:00:20]} e6 {[%emt 0:04:18]} 4. d4 {[%emt 0:00:08]} d5 {[%emt 0:00:05]} 5. e5 {[%emt 0:00:04]} Qb6 {[%emt 0:00:06]} 6. a3 {[%emt 0:00:07]} Nge7 {[%emt 0:00:27]} 7. b4 {[%emt 0:00:08]} cxd4 {[%emt 0:00:13]} 8. cxd4 {[%emt 0:00:02]} Nf5 {[%emt 0:00:32]} 9. Be3 {[%emt 0:00:09]} Be7 {[%emt 0:01:14]} 10. Bd3 {[%emt 0:00:12]} O-O {[%emt 0:01:14]} 11. Nc3 {[%emt 0:00:32]} Qd8 {[%emt 0:01:04]} 12. O-O {[%emt 0:00:32]} f6 {[%emt 0:06:34]} 13. Bxf5 {[%emt 0:05:36]} exf5 {[%emt 0:00:06]} 14. Re1 {[%emt 0:00:12]} fxe5 {[%emt 0:12:33]} 15. dxe5 {[%emt 0:03:07]} f4 {[%emt 0:00:30]} 16. Bc1 {[%emt 0:07:52]} d4 {[%emt 0:04:16]} 17. Ne2 {[%emt 0:00:25]} d3 {[%emt 0:01:01]} 18. Nxf4 {[%emt 0:00:21]} Bg4 {[%emt 0:00:10]} 19. Qxd3 {[%emt 0:00:45]} Qxd3 {[%emt 0:00:37]} 20. Nxd3 {[%emt 0:00:02]} Bxf3 {[%emt 0:00:14]} 21. gxf3 {[%emt 0:00:09]} Nd4 {[%emt 0:00:07]} 22. Rd1 {[%emt 0:03:10]} Nxf3+ {[%emt 0:02:49]} 23. Kg2 {[%emt 0:04:32]} Rf5 {[%emt 0:00:11]} 24. Bf4 {[%emt 0:00:26]} Nh4+ {[%emt 0:02:54]} 25. Kf1 {[%emt 0:00:49]} Ng6 {[%emt 0:03:16]} 26. Bg3 {[%emt 0:00:13]} h5 {[%emt 0:00:15]} 27. h3 {[%emt 0:00:27]} Bh4 {[%emt 0:04:29]} 28. Bh2 {[%emt 0:03:12]} Raf8 {[%emt 0:01:15]} 29. Ra2 {[%emt 0:00:23]} Rf3 {[%emt 0:00:49]} 30. Kg2 {[%emt 0:00:22]} Bd8 {[%emt 0:06:59]} 31. Bg3 {[%emt 0:03:10]} Bb6 {[%emt 0:01:15]} 32. Re2 {[%emt 0:00:28]} h4 {[%emt 0:13:05]} 33. Bh2 {[%emt 0:00:02]} R3f5 {[%emt 0:00:07]} 34. f4 {[%emt 0:00:35]} Ne7 {[%emt 0:00:11]} 35. Nc5 {[%emt 0:03:44]} Bxc5 {[%emt 0:11:50]} 36. bxc5 {[%emt 0:00:02]} Nc6 {[%emt 0:01:06]} 37. Rd7 {[%emt 0:01:56]} g5 {[%emt 0:00:19]} 38. Rb2 {[%emt 0:00:46]} gxf4 {[%emt 0:01:40]} 39. Rbxb7 {[%emt 0:01:25]} Rg5+ {[%emt 0:00:25]} 40. Kf1 {[%emt 0:00:00]} Nxe5 {[%emt 0:00:00]} 41. Rd4 {[%emt 0:01:31]} Nf3 {[%emt 0:01:21]} 0-1